London Tube Map Quiz - Central Line - Statistics

General Stats
  • This quiz has been taken 388 times
  • The average score is 28 of 49
Answers on the Map
Answers color-coded by a green-red scale on the quiz's map according to % correct below.
 
Answer Stats
Line Branch Station Name % Correct
(LU) Central Line Main Route Oxford Circus
86%
(LU) Central Line Main Route Liverpool Street
81%
(LU) Central Line Main Route Tottenham Court Road
81%
(LU) Central Line Main Route Bank
79%
(LU) Central Line Main Route Bond Street
78%
(LU) Central Line Epping Branch Epping
72%
(LU) Central Line Main Route Holborn
72%
(LU) Central Line Main Route Marble Arch
72%
(LU) Central Line Main Route St. Paul's
71%
(LU) Central Line Main Route Notting Hill Gate
70%
(LU) Central Line Main Route Stratford
70%
(LU) Central Line Main Route White City
68%
(LU) Central Line Ealing Branch Ealing Broadway
67%
(LU) Central Line Main Route Mile End
67%
(LU) Central Line Main Route Shepherd's Bush
65%
(LU) Central Line Main Route Queensway
64%
(LU) Central Line Ruislip Branch West Ruislip
64%
(LU) Central Line Main Route Chancery Lane
63%
(LU) Central Line Main Route Lancaster Gate
63%
(LU) Central Line Main Route Leyton
61%
(LU) Central Line Main Route Bethnal Green
60%
(LU) Central Line Main Route Leytonstone
59%
(LU) Central Line Hainault Loop Hainault
58%
(LU) Central Line Main Route North Acton
58%
(LU) Central Line Main Route East Acton
56%
(LU) Central Line Main Route Holland Park
56%
(LU) Central Line Ealing Branch West Acton
55%
(LU) Central Line Epping Branch Theydon Bois
54%
(LU) Central Line Ruislip Branch Ruislip Gardens
50%
(LU) Central Line Ruislip Branch South Ruislip
50%
(LU) Central Line Epping Branch Woodford
50%
(LU) Central Line Hainault Loop Newbury Park
48%
(LU) Central Line Hainault Loop Redbridge
48%
(LU) Central Line Epping Branch Loughton
47%
(LU) Central Line Epping Branch South Woodford
47%
(LU) Central Line Hainault Loop Gants Hill
45%
(LU) Central Line Ruislip Branch Greenford
45%
(LU) Central Line Ruislip Branch Perivale
44%
(LU) Central Line Epping Branch Debden
43%
(LU) Central Line Ruislip Branch Northolt
43%
(LU) Central Line Hainault Loop Wanstead
43%
(LU) Central Line Hainault Loop Fairlop
42%
(LU) Central Line Ruislip Branch Hanger Lane
41%
(LU) Central Line Hainault Loop Roding Valley
41%
(LU) Central Line Epping Branch Snaresbrook
41%
(LU) Central Line Hainault Loop Grange Hill
40%
(LU) Central Line Hainault Loop Chigwell
39%
(LU) Central Line Hainault Loop Barkingside
37%
(LU) Central Line Epping Branch Buckhurst Hill
35%
No matching quizzes found
Score Distribution
Percent of People with Each Score
Percentile by Number Answered
Your Score History
You have not taken this quiz